000 00730nam a22002890a 4500
001 PT34107
003 AR-LpoUNG
005 20210131230145.0
008 191001s2008||||ag |||||||||||||||||spa d
020 _a9789500730006
_c$6.25
040 _aAR-LpoUNG
_bspa
_cAR-LpoUNG
_eaacr
041 _aspa
044 _aag
082 0 _a808.068 3 491cui
100 1 _aDevetach, Laura
245 1 0 _aCuidado con la osa
250 _a1ra. ed.
260 _aBuenos Aires :
_bSudamericana,
_c2008.
300 _a31 p. :
_bil.
650 4 _aCUENTOS
650 4 _aLITERATURA
651 4 _aDOCUMENTOS TEORICOS O METODOLOGICOS
653 _aLITERATURA INFANTIL
700 1 _aWernicke, MarĂ­a
_eil.
905 _a34107
942 _cLIB
999 _c1798
_d1798